[Event "DSOL 2022"]
[Site "Germany"]
[Date "2022.04.01"]
[Round "6.1"]
[White "Noack, Mario"]
[Black "Hoyer, Olaf"]
[Result "0-1"]
[WhiteElo "1595"]
[BlackElo "1896"]
[Annotator "COMBH"]
[PlyCount "64"]
[EventDate "2022.01.31"]
[EventType "team-tourn"]
[EventCountry "GER"]
[SourceTitle "playchess.com"]
[Source "ChessBase"]
[SourceQuality "1"]
[WhiteTeam "SC Großröhrsdorf"]
[BlackTeam "SC Braunschweig"]
[TimeControl "2700+15"]

1. c4 Nf6 2. g3 e6 3. Bg2 d5 4. d4 Bb4+ 5. Bd2 Bxd2+ 6. Nxd2 Nbd7 7. Ngf3 b6 8. O-O Bb7 9. Rc1 O-O 10. Re1 c5 11. cxd5 exd5 12. Qc2 Rc8 13. Qf5 Qe7 14. Nh4 Ne4 15. Nxe4 dxe4 16. dxc5 Rxc5 17. Rxc5 Nxc5 18. Qf4 g6 19. Qe3 f5 20. Bh1 f4 21. Qc1 Ne6 22. Ng2 e3 23. fxe3 fxg3 24. h3 Ng5 25. Qc4+ Rf7 26. Qg4 Qe5 27. h4 Ne4 28. Nf4 Qc5 29. Ng2 Kg7 30. Rf1 Rxf1+ 31. Kxf1 Qc1+ 32. Ne1 Nd2+ 0-1

[Event "DSOL 2022"]
[Site "Germany"]
[Date "2022.04.01"]
[Round "6.1"]
[White "Koch, Moritz"]
[Black "Keller, Peter"]
[Result "1/2-1/2"]
[WhiteElo "1558"]
[BlackElo "1712"]
[Annotator "COMBH"]
[PlyCount "52"]
[EventDate "2022.01.31"]
[EventType "team-tourn"]
[EventCountry "GER"]
[SourceTitle "playchess.com"]
[Source "ChessBase"]
[SourceQuality "1"]
[WhiteTeam "SK Herzogenaurach I"]
[BlackTeam "SK Bickenbach I"]
[TimeControl "2700+15"]

1. e4 e5 2. Nf3 Nc6 3. Bb5 Nf6 4. O-O Nxe4 5. d4 Nd6 6. Bxc6 dxc6 7. dxe5 Nf5 8. Qxd8+ Kxd8 9. Rd1+ Ke8 10. Nc3 Ne7 11. h3 Ng6 12. b3 Bd7 13. Bb2 Rd8 14. Rd2 Be7 15. Rad1 Nf4 16. Ne2 Nxe2+ 17. Rxe2 c5 18. Nh2 h5 19. Nf1 h4 20. Ne3 Be6 21. Rxd8+ Bxd8 22. f4 g6 23. c4 Be7 24. Kf2 Kd7 25. Rd2+ Kc6 26. Nd5 Bd8 1/2-1/2

[Event "DSOL 2022"]
[Site "Germany"]
[Date "2022.04.01"]
[Round "6.1"]
[White "Korste, Sebastian"]
[Black "Zimmermann, Manfred"]
[Result "1/2-1/2"]
[WhiteElo "1509"]
[BlackElo "1591"]
[Annotator "COMBH"]
[PlyCount "116"]
[EventDate "2022.01.31"]
[EventType "team-tourn"]
[EventCountry "GER"]
[SourceTitle "playchess.com"]
[Source "ChessBase"]
[SourceQuality "1"]
[WhiteTeam "SC Weiße Dame Borbeck"]
[BlackTeam "Kieler SG II"]
[TimeControl "2700+15"]

1. d4 d5 2. c4 e6 3. Nc3 Nf6 4. cxd5 exd5 5. Bg5 Be7 6. e3 c6 7. Bd3 Nbd7 8. Nf3 O-O 9. O-O Re8 10. Qc2 h6 11. Bh4 Nh5 12. Bxe7 Qxe7 13. a3 Nhf6 14. b4 a6 15. Rab1 Ne4 16. Ne2 Ndf6 17. Ne5 Nd7 18. f4 f5 19. a4 Nxe5 20. dxe5 Bd7 21. Bxe4 dxe4 22. Rfd1 Be6 23. Nd4 Red8 24. Qc5 Kf7 25. Nxe6 Qxe6 26. Rd6 Rxd6 27. exd6 Rd8 28. Rd1 Rd7 29. b5 axb5 30. axb5 cxb5 31. Qxb5 g6 32. Qc5 Kg7 33. Qc8 b5 34. Rc1 Qxd6 35. Qc3+ Qf6 36. Qb3 Qa6 37. Qc3+ Kh7 38. Qb4 Qd6 39. Qxb5 Qd2 40. Qf1 Qxe3+ 41. Kh1 Qd2 42. Rb1 e3 43. Re1 Qf2 44. Qxf2 exf2 45. Rf1 Rd2 46. g3 g5 47. fxg5 hxg5 48. Kg2 Kg6 49. h3 f4 50. gxf4 gxf4 51. Rxf2 Rd4 52. Kf3 Kh5 53. Rg2 Rb4 54. Rg8 Ra4 55. Rg7 Kh6 56. Rg8 Kh7 57. Rg4 Ra3+ 58. Kxf4 Rxh3 1/2-1/2

[Event "DSOL 2022"]
[Site "Germany"]
[Date "2022.04.01"]
[Round "6.1"]
[White "Wiekert, Martin"]
[Black "Kalabic, Faris"]
[Result "0-1"]
[WhiteElo "1440"]
[BlackElo "1848"]
[Annotator "COMBH"]
[PlyCount "74"]
[EventDate "2022.01.31"]
[EventType "team-tourn"]
[EventCountry "GER"]
[SourceTitle "playchess.com"]
[Source "ChessBase"]
[SourceQuality "1"]
[WhiteTeam "Kölner SK Dr Lasker I"]
[BlackTeam "SK Zehlendorf II"]
[TimeControl "2700+15"]

1. d4 Nf6 2. Nf3 e6 3. Bf4 c5 4. e3 Nc6 5. Nbd2 d5 6. c3 Bd6 7. Bg3 O-O 8. Bd3 b6 9. e4 Be7 10. e5 Nh5 11. Ng5 Bxg5 12. Qxh5 g6 13. Qe2 cxd4 14. h4 Be7 15. h5 dxc3 16. bxc3 g5 17. Rd1 f5 18. exf6 Bxf6 19. O-O Bd7 20. Bb1 Qe7 21. c4 Nd4 22. Qd3 Qf7 23. Rfe1 Qxh5 24. Nf3 dxc4 25. Qe3 Nxf3+ 26. gxf3 Qf7 27. Be4 Rad8 28. Bd6 Ba4 29. Bxf8 Bxd1 30. Bb4 g4 31. fxg4 Bxg4 32. Qg3 Kh8 33. Bg2 Rg8 34. Bd6 Bf5 35. Qe3 Qg7 36. Bg3 c3 37. Be4 Bd4 0-1

[Event "DSOL 2022"]
[Site "Germany"]
[Date "2022.04.01"]
[Round "6.2"]
[White "Teille, Karl"]
[Black "Plaettner, Stefan"]
[Result "0-1"]
[WhiteElo "1708"]
[BlackElo "1576"]
[Annotator "TA"]
[PlyCount "64"]
[EventDate "2022.01.31"]
[EventType "team-tourn"]
[EventCountry "GER"]
[SourceTitle "playchess.com"]
[Source "ChessBase"]
[SourceQuality "1"]
[WhiteTeam "SC Braunschweig"]
[BlackTeam "SC Großröhrsdorf"]

{[%evp 9,64,-13,-9,-23,-3,-17,27,29,22,25,28,33,19,17,21,0,0,5,49,33,74,62,65,54,68,0,14,21,25,18,34,30,33,0,10,0,0,-543,-125,-127,-12,-152,-70,-137,-130,-619,-14,-1368,-71,-58,-56,-48,-9,-11,-27,-29992,-29993]} 1. d4 d6 2. c4 e5 3. d5 f5 4. Nc3 Nf6 5. g3 Be7 6. Bg2 {A41: 1 d4 d6: Tartakower System and Modern Defence.} c6 7. e4 Qc7 8. Nge2 {White has an edge.} O-O 9. O-O {[#]} fxe4 $146 ({Predecessor:} 9... Na6 10. exf5 Bxf5 11. h3 Nb4 12. g4 Bc2 13. Qd2 Bg6 14. f4 cxd5 15. f5 Bf7 {½-½ (31) Talla,V (2445)-Kubos,R (2132) Stare Mesto 2016}) 10. Nxe4 Nxe4 11. Bxe4 Nd7 12. Be3 Nf6 13. Bg2 a5 14. Rc1 c5 15. Nc3 Bg4 16. Qc2 Qd7 17. f4 (17. b3 $14) 17... exf4 18. Bxf4 (18. Rxf4 {is interesting.} g6 19. Rcf1 Nh5 20. Rxf8+ Bxf8 21. Nb5) 18... Bf5 (18... Nh5 {is more complex.} 19. Bd2 Bf6 20. Nb5 b6) 19. Qd2 Rae8 20. Rce1 Nh5 21. Be3 Bf6 22. Bf3 Bg4 {Threatens to win with ...Bxc3.} 23. Kh1 $2 {[%mdl 8192]} (23. Nb5 $11 {and White has nothing to worry.}) 23... Be5 $2 (23... Bxc3 $19 {has better winning chances.} 24. Bxg4 Rxf1+ 25. Rxf1 Qxg4) 24. Bg2 $17 Bh3 (24... Rxf1+ $17 25. Bxf1 Bf3+ 26. Kg1 Rf8) 25. Nd1 (25. Rxf8+ $11 Rxf8 26. Ne4) 25... Qg4 {&Nero is more active.} (25... Rxf1+ $17 26. Rxf1 Bxg3 $1) 26. Rxf8+ (26. Bxh3 $1 $15 Qxh3 27. Kg1 (27. Rxf8+ Rxf8 28. Qg2 Nxg3+ 29. Kg1 Qxg2+ 30. Kxg2 Nf5 $17)) 26... Rxf8 27. Bxc5 $2 {[%mdl 8192] [#]} (27. Bxh3 $17 Qxh3 28. Qg2 Nxg3+ 29. Kg1 Qxg2+ 30. Kxg2) 27... Rf7 $2 (27... Nxg3+ $1 $19 {[%mdl 512]} 28. hxg3 Qxg3 29. Rxe5 Bxg2+ 30. Qxg2 Qxe5) 28. Nf2 $2 {[%mdl 8192] [#]} Bxg2+ $2 (28... Nxg3+ $1 $19 {[%mdl 512] is more deadly.} 29. hxg3 Qxg3) 29. Kxg2 Qxc4 30. Ba3 Qa4 (30... Nf6 $5 {[%cal Re5d4]} 31. b3 Qxd5+ 32. Qxd5 Nxd5 $15) 31. Nd3 Qd4 32. Nxe5 $4 {[%mdl 8192]} Qxd2+ {Weighted Error Value: White=1.21/Black=0.97} 0-1

[Event "DSOL 2022"]
[Site "Germany"]
[Date "2022.04.01"]
[Round "6.2"]
[White "Liedtke, Matthias"]
[Black "Zienert, Richard"]
[Result "0-1"]
[WhiteElo "1690"]
[BlackElo "1648"]
[Annotator "NA"]
[PlyCount "50"]
[EventDate "2022.01.31"]
[EventType "team-tourn"]
[EventCountry "GER"]
[SourceTitle "playchess.com"]
[Source "ChessBase"]
[SourceQuality "1"]
[WhiteTeam "SG Leipzig"]
[BlackTeam "SK Heidenau I"]
[TimeControl "2700+15"]

1. e4 c5 2. c3 Nf6 3. e5 Nd5 4. Nf3 e6 5. d4 cxd4 6. cxd4 d6 7. Bc4 dxe5 8. dxe5 Be7 9. O-O O-O 10. Qe2 Qc7 11. Nc3 Nxc3 12. bxc3 b6 13. Bd3 Bb7 14. Bf4 Nd7 15. Rfe1 Rac8 16. Rac1 Rfd8 17. Nd4 Nf8 18. Bg3 Rxd4 19. cxd4 Qxc1 20. h4 Qh6 21. Qg4 Rc1 22. f4 Rxe1+ 23. Bxe1 Bd5 24. g3 f5 25. Qd1 Qg6 0-1

[Event "DSOL 2022"]
[Site "Germany"]
[Date "2022.04.01"]
[Round "6.2"]
[White "Bischoff, Anton"]
[Black "Dippel, Olaf"]
[Result "0-1"]
[WhiteElo "1661"]
[BlackElo "1891"]
[Annotator "ChessBase"]
[PlyCount "64"]
[EventDate "2022.01.31"]
[EventType "team-tourn"]
[EventCountry "GER"]
[SourceTitle "playchess.com"]
[Source "ChessBase"]
[SourceQuality "1"]
[WhiteTeam "Kieler SG II"]
[BlackTeam "SC Weiße Dame Borbeck"]
[TimeControl "2700+15"]

1. e4 c6 2. d4 d5 3. e5 Bf5 4. Ne2 e6 5. Ng3 Bg6 6. h4 h5 7. Bd3 Bxd3 8. cxd3 Nd7 9. Nc3 Qb6 10. Nge2 Ne7 11. Be3 Nf5 12. Qd2 Be7 13. g3 f6 14. Nf4 Kf7 15. O-O fxe5 16. dxe5 d4 17. Ne4 Nxe5 18. Qd1 dxe3 19. fxe3 Qxe3+ 20. Kg2 Qb6 21. Qe2 Ne3+ 22. Kh3 Nxf1 23. Rxf1 Kg8 24. Nxe6 Rh6 25. N4g5 Bxg5 26. Qxe5 Bf6 27. Qe4 Qxb2 28. Ng5 Qxa2 29. Re1 Bxg5 30. hxg5 Rd6 31. g6 Rf8 32. Qe5 Rxg6 0-1

[Event "DSOL 2022"]
[Site "Germany"]
[Date "2022.04.01"]
[Round "6.2"]
[White "Jelica, Mara"]
[Black "Junker, Reiner"]
[Result "1-0"]
[WhiteElo "1620"]
[BlackElo "1543"]
[Annotator "COMBH"]
[PlyCount "37"]
[EventDate "2022.01.31"]
[EventType "team-tourn"]
[EventCountry "GER"]
[SourceTitle "playchess.com"]
[Source "ChessBase"]
[SourceQuality "1"]
[WhiteTeam "SF Deizisau II"]
[BlackTeam "SK Ludwigshafen"]
[TimeControl "2700+15"]

1. e4 e5 2. Nf3 Nc6 3. Bb5 Bc5 4. c3 Nf6 5. d4 exd4 6. e5 Ne4 7. O-O dxc3 8. Qc2 cxb2 9. Bxb2 Bxf2+ 10. Kh1 d5 11. exd6 Bf5 12. Bxc6+ bxc6 13. Qxc6+ Kf8 14. dxc7 Qe8 15. Qd5 Bg6 16. Nbd2 Nxd2 17. Qxd2 Bb6 18. Qc3 f6 19. Ng5 1-0

[Event "DSOL 2022"]
[Site "Germany"]
[Date "2022.04.01"]
[Round "6.2"]
[White "Philippfalke"]
[Black "Van Hasselt, Frank"]
[Result "1-0"]
[WhiteElo "1620"]
[BlackElo "1686"]
[Annotator "RC"]
[PlyCount "65"]
[EventDate "2022.01.31"]
[EventType "team-tourn"]
[EventCountry "GER"]
[SourceTitle "playchess.com"]
[Source "ChessBase"]
[SourceQuality "1"]
[WhiteTeam "Post SV Uelzen"]
[BlackTeam "SF Berlin I"]
[TimeControl "2700+15"]

1. e4 c6 2. d4 d5 3. Nc3 dxe4 4. Nxe4 Bf5 5. Ng3 Bg6 6. N3e2 e6 7. c3 Nf6 8. Nf3 Nbd7 9. Nf4 Bd6 10. Nxg6 hxg6 11. Bd3 Qc7 12. h3 Nd5 13. c4 Nf4 14. Bxf4 Bxf4 15. Qe2 Qa5+ 16. Nd2 O-O-O 17. a3 Bxd2+ 18. Qxd2 Qxd2+ 19. Kxd2 c5 20. Kc3 cxd4+ 21. Kxd4 Ne5+ 22. Kxe5 Rxd3 23. Rad1 Rhd8 24. Rxd3 Rxd3 25. Rf1 Kd7 26. a4 a5 27. Ke4 Rd2 28. b3 Rb2 29. Rd1+ Ke7 30. Rd3 Rxf2 31. g4 g5 32. Kd4 Kd6 33. Ke3+ 1-0

[Event "DSOL 2022"]
[Site "Germany"]
[Date "2022.04.01"]
[Round "6.2"]
[White "Wessendorf, Thomas"]
[Black "Marcziter, Dmitrii"]
[Result "1-0"]
[WhiteElo "1615"]
[BlackElo "1869"]
[Annotator "TA"]
[PlyCount "141"]
[EventDate "2022.01.31"]
[EventType "team-tourn"]
[EventCountry "GER"]
[SourceTitle "playchess.com"]
[Source "ChessBase"]
[SourceQuality "1"]
[WhiteTeam "SF Essen-Katernberg"]
[BlackTeam "SG Porz I"]

{[%evp 9,141,35,35,33,35,22,70,68,79,45,40,35,65,58,56,53,51,22,14,21,22,20,6,7,69,63,58,56,64,72,85,90,81,74,72,73,64,54,41,41,45,45,58,32,124,112,116,120,237,241,241,236,222,120,118,78,170,135,129,141,167,162,353,358,364,364,341,315,431,352,557,562,557,558,560,545,533,468,527,474,544,531,519,489,563,559,560,559,545,529,525,524,675,667,995,918,710,526,609,588,946,946,946,897,809,784,1300,1153,29987,29988,29988,29981,29981,29977,29976,12828,12796,0,29976,918,29981,29982,29982,29981,29980,29981,29981,29983,29991,29984,29993,29994,29994,29995]} 1. e4 c5 2. Nf3 a6 3. c3 d5 4. exd5 Qxd5 5. d4 Nf6 6. Be3 {B28: Sicilian: 2 Nf3 a6 (O'Kelly Variation).} cxd4 7. cxd4 Bg4 (7... Qd8 $11) 8. Nc3 $14 {White is slightly better.} Qd6 9. Be2 e6 10. h3 Bh5 11. g4 Bg6 12. Ne5 Nc6 13. Qb3 Qb4 14. O-O Bd6 15. Nxc6 bxc6 {[#]} 16. Rfc1 $146 ({Predecessor:} 16. Qxb4 Bxb4 17. Rac1 Kd7 18. Bf4 Nd5 19. Be5 h5 20. Bxg7 Nf4 21. Be5 Bd6 22. g5 Rhb8 23. b3 Nxh3+ 24. Kh2 Nxg5 25. Na4 Rb4 26. Rg1 Ne4 {0-1 (26) Vasquez,F-Oliveira,D DESC email 2013}) 16... O-O (16... Kd7 $11) 17. Qxb4 Bxb4 18. a3 Bd6 19. Na4 {[%cal Bc3a4,Ba4b6,Bb6c8][%mdl 32]} Nd5 20. Rxc6 Bf4 21. Bxf4 Nxf4 22. Bf1 (22. Bxa6 $6 Nxh3+ 23. Kf1 f5 24. gxf5 Be8 $15) 22... a5 23. Rac1 h5 24. Nb6 Rad8 25. Rd1 hxg4 26. hxg4 e5 (26... f6 $14) 27. d5 $16 {[%cal Bd4d5,Bd5d6][%mdl 32]} Be4 28. Rc3 $1 {Inhibits Bf3.} Rd6 (28... Nxd5 $16 29. Nxd5 Rxd5 30. Rxd5 Bxd5) 29. Nc8 $18 Rd7 30. d6 Rfd8 31. Re1 (31. Bb5 $1 $18) 31... Bb7 $16 32. Ne7+ Kh7 (32... Kf8 $16) 33. Rxe5 {And now Rf5 would win.} Rxd6 34. Rf5 $1 $36 {[%mdl 2048] Black is under strong pressure.} (34. Rxa5 Rd1 35. Kh2 g5 $17) 34... Rh6 {[%csl Gb7][%cal Rh6h1]} 35. f3 Nh3+ (35... Rf6 {is a better defense.} 36. Rxf6 (36. Rxa5 Rd2 $16) 36... gxf6) 36. Bxh3 $18 Rxh3 37. Kg2 ({Stronger than} 37. Rxf7 Rd2 38. Rf5 (38. Nf5 Rhh2 $11) 38... Rg3+ 39. Kh1 (39. Kf1 {leads to mate.} Ba6+ 40. Ke1 Re2+ 41. Kf1 Rxb2+) 39... Rh3+ 40. Kg1 Rg3+ 41. Kh1 (41. Kf1 Ba6+ 42. Ke1 Re2+ 43. Kf1 Rxb2+) 41... Rh3+ 42. Kg1 $11) 37... Rh6 38. Rxf7 {Threatens to win with Nf5. Active counter play!} Rd2+ 39. Kg3 {Nf5 is the strong threat.} Rxb2 (39... Bd5 $142) 40. Nf5 Rg6 41. Rcc7 {[%cal Rf5g7]} Bd5 42. Rxg7+ Rxg7 43. Rxg7+ {[%mdl 4096] Endgame KRB-KRN} Kh8 44. Rd7 Be6 45. Rd8+ Kh7 46. Nd4 Bf7 47. Ra8 Rd2 48. Nf5 Rd3 49. Ra7 Kg6 50. Rxa5 Kf6 51. Kf4 {Hoping for g5+.} Bd5 {[%csl Gd5][%cal Rd3f3]} 52. Ra6+ Kf7 53. Nd6+ Ke7 54. Ne4 Bc4 55. Ra7+ Kf8 56. g5 {[%cal Bg4g5,Bg5g6][%mdl 32]} Bf7 57. a4 {[%cal Ba3a4,Ba4a5][%mdl 32]} Bh5 58. Nf6 Bxf3 59. g6 {[%csl Ga7][%cal Rg6g7]} Bb7 60. a5 Rf3+ 61. Kg5 Rg3+ 62. Kh6 (62. Kh5 $142 Rh3+ 63. Kg4 Rb3 64. a6 Rb5 65. axb7 Rb4+ 66. Kg5 Rb5+ 67. Nd5 $1 {[%mdl 512]}) 62... Rh3+ 63. Kg5 (63. Nh5 $18 Bf3 64. Rf7+ Ke8 65. Rxf3 $1 {[%mdl 512]} Rxf3 66. g7) 63... Rg3+ 64. Kf5 (64. Kh5 $142 Rh3+ 65. Kg4 Rb3 66. a6 Rb5 67. axb7 Rb4+ 68. Kg5 Rb5+ {[#]} 69. Nd5 $1 {[%mdl 512]}) 64... Rf3+ 65. Ke5 {White mates.} Re3+ 66. Kd6 Rd3+ 67. Kc5 Rc3+ 68. Kd4 Rg3 69. Rxb7 {[%csl Gg6][%cal Rb7f7]} Rd3+ 70. Ke5 {[%csl Gg6][%cal Rb7f7]} Re3+ 71. Ne4 {Weighted Error Value: White=0.09 (flawless) /Black=0.32} 1-0

[Event "DSOL 2022"]
[Site "Germany"]
[Date "2022.04.01"]
[Round "6.2"]
[White "Nguyen Luu, Truong-Son"]
[Black "Paris, Michael"]
[Result "0-1"]
[WhiteElo "1579"]
[BlackElo "1611"]
[Annotator "TA"]
[PlyCount "112"]
[EventDate "2022.01.31"]
[EventType "team-tourn"]
[EventCountry "GER"]
[SourceTitle "playchess.com"]
[Source "ChessBase"]
[SourceQuality "1"]
[WhiteTeam "SK Zehlendorf II"]
[BlackTeam "Kölner SK Dr Lasker I"]

{[%evp 9,111,2,18,11,20,14,17,0,0,-11,3,0,0,-14,-18,-26,-22,-21,-16,-27,-29,-38,-35,-25,-44,-25,-32,-36,-37,-32,-52,-129,-18,-49,75,55,72,77,198,202,198,206,230,215,237,230,235,232,244,246,239,235,253,248,246,231,260,217,234,205,234,179,234,234,234,234,234,0,241,0,241,234,277,261,264,237,251,244,241,0,25,-501,-520,-513,-513,-502,-489,-462,-404,-415,-326,-501,-245,-228,-215,-284,-262,-199,-170,-814,-896,-1384,-1308,-29999]} 1. d4 d5 2. Nc3 c6 3. Bf4 Nf6 4. Nf3 Bf5 5. e3 h6 6. Bd3 {D00: 1 d4 d5: Unusual lines.} Bxd3 7. Qxd3 e6 {[#]} 8. Rb1 $146 {The position is equal.} ({Predecessor:} 8. O-O-O Nbd7 9. Rhg1 a5 10. g4 g5 11. Be5 Nxe5 12. dxe5 Nd7 13. e4 Bg7 14. exd5 cxd5 {1-0 (29) Prydun,A (2197)-Havanecz,B (2257) Chess.com INT 2021}) 8... Bd6 9. Be5 Qe7 10. Bxd6 Qxd6 11. Ne5 Nbd7 12. f4 O-O 13. O-O c5 14. Qb5 a6 15. Qxb7 cxd4 16. exd4 Rfc8 $1 {Inhibits Qc6.} 17. Qb3 Rab8 {[%mdl 1024] Black has compensation.} 18. Qa4 Rb4 19. Qa3 Qb6 20. Kh1 (20. Nf3 $15) 20... Nf8 ({Resist} 20... Qxd4 21. Nxd7 Nxd7 22. Nxd5 $1 {[%mdl 512]} Qxd5 23. Qxb4 $14) (20... Rxd4 $17 {Threatens to win with ...Nxe5.} 21. Nxd7 Nxd7) 21. Nf3 Ne4 (21... Ng6 $15 {keeps the upper hand.}) 22. Nxe4 $16 dxe4 23. c3 exf3 24. Qxb4 $18 fxg2+ 25. Kxg2 Qc6+ 26. Kg1 Ng6 27. Qc5 Qd7 28. Qh5 Rb8 29. Qf3 Nh4 30. Qe4 Rb5 31. Rf2 Rd5 32. Re1 Nf5 33. Rg2 Qc7 34. a3 a5 35. Rd1 h5 (35... Ne7 $142 36. Qf3 Ng6) 36. Rc2 Qc4 37. Qd3 Qc7 38. Qe4 Qc4 39. Qd3 Qc7 40. Rf2 h4 41. Qe4 a4 42. Rc2 Qc4 43. Qe2 Qc7 44. Qf3 $2 ({Better is} 44. Qf2 $18) 44... Nxd4 $1 $11 {[#]} 45. cxd4 {[%mdl 8192]} Qxc2 {[%mdl 4096] Endgame KQR-KQR} 46. Qd3 Qxb2 47. Rd2 Qc1+ 48. Kg2 Qc6 {White must now prevent ...Rxd4+.} 49. Kh3 Qd7 {aiming for ...e5+.} 50. Kxh4 (50. Qf3 $142) 50... Qd8+ (50... Rb5 $142 51. Qe4 Qe7+ 52. Kh3 Qxa3+ 53. Kg2 Qc1) 51. Kg3 g5 {[%cal Bg7g5,Bg5f4][%mdl 32] ...gxf4+ is the strong threat.} 52. Kf3 gxf4 {And now ...Qh4 would win.} 53. Rg2+ Rg5 54. Re2 $2 (54. Qe4) 54... Rg6 $19 55. Qe4 Qh4 {[%cal Og6g3] ( -> ...Rg3+!)} 56. Rf2 Qg4# {Black used his chance.  Weighted Error Value: White=0.81/Black=0.24 (precise)} 0-1

[Event "DSOL 2022"]
[Site "Germany"]
[Date "2022.04.01"]
[Round "6.2"]
[White "Schubert, Ralf"]
[Black "Loseries, Uwe"]
[Result "1-0"]
[WhiteElo "1554"]
[BlackElo "1714"]
[Annotator "COMBH"]
[PlyCount "83"]
[EventDate "2022.01.31"]
[EventType "team-tourn"]
[EventCountry "GER"]
[SourceTitle "playchess.com"]
[Source "ChessBase"]
[SourceQuality "1"]
[WhiteTeam "SK Dessau I"]
[BlackTeam "Kölner SK Dr Lasker II"]
[TimeControl "2700+15"]

1. d4 Nf6 2. Nc3 d5 3. Bg5 Nbd7 4. Qd2 e6 5. f3 c5 6. e4 cxd4 7. Qxd4 Bc5 8. Bxf6 Qb6 9. Qd2 Nxf6 10. Na4 Qb4 11. Nxc5 Qxc5 12. e5 Nd7 13. f4 O-O 14. Nf3 a5 15. Bd3 b5 16. a3 Nb6 17. Qf2 Qxf2+ 18. Kxf2 Ba6 19. Nd4 Na4 20. b3 Nc3 21. b4 a4 22. Ke3 Rab8 23. Kd2 Rfc8 24. Rhe1 Rc7 25. Re3 Rbc8 26. f5 exf5 27. Bxf5 Ne4+ 28. Rxe4 dxe4 29. Bxc8 Rxc8 30. Re1 Re8 31. Rxe4 f6 32. e6 Bb7 33. Re2 Bd5 34. c3 Bc4 35. Re3 Kf8 36. Ke1 g6 37. Kf2 Ke7 38. Kg3 Kd6 39. Kf4 Re7 40. h4 Re8 41. h5 g5+ 42. Kf5 1-0

[Event "DSOL 2022"]
[Site "Germany"]
[Date "2022.04.01"]
[Round "6.3"]
[White "Haufe, Laurin"]
[Black "Zimm, Justus"]
[Result "1-0"]
[WhiteElo "1827"]
[BlackElo "1730"]
[Annotator "ChessBase"]
[PlyCount "63"]
[EventDate "2022.01.31"]
[EventType "team-tourn"]
[EventCountry "GER"]
[SourceTitle "playchess.com"]
[Source "ChessBase"]
[SourceQuality "1"]
[WhiteTeam "SG Leipzig"]
[BlackTeam "SK Heidenau I"]
[TimeControl "2700+15"]

1. e4 c5 2. Nf3 d6 3. d4 cxd4 4. Nxd4 Nf6 5. f3 e5 6. Nb3 Be6 7. c4 Qc7 8. Be3 Bxc4 9. Qc1 d5 10. exd5 b5 11. N1d2 Bb4 12. a3 Nxd5 13. axb4 Nxe3 14. Nxc4 Nxc4 15. Na5 Qb6 16. Bxc4 bxc4 17. Qc3 O-O 18. Nxc4 Qe6 19. O-O Rc8 20. b3 Nc6 21. Rfe1 Nd4 22. Ra5 Qf6 23. Rc5 Rxc5 24. bxc5 e4 25. Qe3 Rb8 26. Qxe4 h6 27. Re3 Rxb3 28. Qe8+ Kh7 29. Rxb3 Nxb3 30. Qe4+ g6 31. c6 Qe7 32. Qxe7 1-0

[Event "DSOL 2022"]
[Site "Germany"]
[Date "2022.04.01"]
[Round "6.3"]
[White "Gallasch, Jonas"]
[Black "Dette, Jan"]
[Result "1-0"]
[WhiteElo "1803"]
[BlackElo "1688"]
[Annotator "ChessBase"]
[PlyCount "55"]
[EventDate "2022.01.31"]
[EventType "team-tourn"]
[EventCountry "GER"]
[SourceTitle "playchess.com"]
[Source "ChessBase"]
[SourceQuality "1"]
[WhiteTeam "SG Porz I"]
[BlackTeam "SF Essen-Katernberg"]
[TimeControl "2700+15"]

1. d4 Nf6 2. c4 e6 3. Nf3 Bb4+ 4. Nbd2 a5 5. g3 O-O 6. Bg2 d6 7. O-O Bxd2 8. Qxd2 Qe7 9. b3 e5 10. Bb2 e4 11. Ne1 c6 12. Nc2 a4 13. f3 Re8 14. d5 e3 15. Qd4 c5 16. Qc3 Bf5 17. g4 Bxc2 18. Qxc2 a3 19. Bc3 h6 20. Qf5 Nbd7 21. g5 hxg5 22. Qxg5 Ne5 23. f4 Ng6 24. f5 Ne5 25. Qg3 Neg4 26. Rf4 Nf2 27. Bf3 Qf8 28. Bxf6 1-0

[Event "DSOL 2022"]
[Site "Germany"]
[Date "2022.04.01"]
[Round "6.3"]
[White "Werner, Renae"]
[Black "Braun, Joshua"]
[Result "1-0"]
[WhiteElo "1797"]
[BlackElo "1772"]
[Annotator "COMBH"]
[PlyCount "137"]
[EventDate "2022.01.31"]
[EventType "team-tourn"]
[EventCountry "GER"]
[SourceTitle "playchess.com"]
[Source "ChessBase"]
[SourceQuality "1"]
[WhiteTeam "Kieler SG II"]
[BlackTeam "SC Weiße Dame Borbeck"]
[TimeControl "2700+15"]

1. c4 e5 2. g3 Nf6 3. Bg2 Bc5 4. Nc3 O-O 5. e3 Nc6 6. a3 a5 7. Nge2 d6 8. O-O Be6 9. d4 exd4 10. exd4 Bb6 11. d5 Bg4 12. dxc6 bxc6 13. Bxc6 Rb8 14. Qc2 Bh3 15. Bg2 Bg4 16. Nd5 Nxd5 17. Bxd5 Re8 18. Nc3 Qf6 19. Bg2 Bf5 20. Qd2 h6 21. Nd5 Qe5 22. Nxb6 Rxb6 23. Qd5 Qf6 24. Qxa5 Bd3 25. Re1 Rbb8 26. Rxe8+ Rxe8 27. Be3 Qxb2 28. Qe1 Bxc4 29. Qc1 Qf6 30. a4 d5 31. Qd1 Rd8 32. Bd4 Qa6 33. Qg4 g6 34. Qh4 g5 35. Qg4 Bd3 36. Qd1 Qc4 37. Be5 Re8 38. Rc1 Qa6 39. Bxc7 Be2 40. Qxd5 Qxa4 41. Qc6 Qxc6 42. Rxc6 Bb5 43. Rc1 Re7 44. Bf1 Bxf1 45. Kxf1 Kg7 46. Bb6 Re6 47. Bd4+ f6 48. Rb1 Rd6 49. Rb7+ Kg6 50. Be3 Rd1+ 51. Kg2 h5 52. h3 g4 53. h4 Rd6 54. Rb6 Rxb6 55. Bxb6 Kf5 56. Be3 Ke4 57. Kf1 f5 58. Ke2 Ke5 59. Kd3 Kd5 60. Bf4 Kc5 61. Kc3 Kd5 62. Kb4 Ke4 63. Kc5 Kf3 64. Be3 f4 65. Bxf4 Kxf2 66. Kd4 Kf3 67. Ke5 Kg2 68. Kf5 Kh3 69. Kg5 1-0